Katseye collabs! - Statistics

General Stats
  • This quiz has been taken 87 times
    21 since last reset
  • The average score is 8 of 17
Answer Stats
Type Collab % Correct
Clothes GAP
85%
Dolls Monster High
85%
Jewelry Pandora (2025)
85%
Jewelry Pandora (2026)
85%
Bath items Lush
77%
Makeup Glossier
69%
Makeup Laneige
54%
Food Jollibee
46%
Videogame Valorant
46%
Videogame Toca Boca
38%
Food 5GUM
31%
Bath items Matrix
31%
Clothes Coach
23%
Food EREWHON
23%
Clothes Fendi
23%
Food Takis
23%
Clothes Streetwear
0%
No matching quizzes found
Score Distribution
Percent of People with Each Score
Percentile by Number Answered
Your Score History
You have not taken this quiz since the last reset